00498nmm a2200169Ia 4500008004100000020001800041041000800059100002600067245002000093264005200113300001800165490004800183650002200231856005100253942000700304999001700311251105s9999||||xx |||||||||||||||||und|| a9788416375455 aspa aPardo Bazán, Emilia 0aCuentos de amor a[Madrid, España] :bEditorial Minimal, c2015 a198 páginas aImprescindibles de la literatura castellana aSpanish narrative uhttps://public.digitaliapublishing.com/a/40362 cCF c77654d77654